00805nam a2200229Ia 4500003000400000005001700004008004100021020002200062040000700084041000800091082002400099100003500123245007500158260002700233300001500260365001400275650003400289906008300323942001200406999001900418952013800437OSt20230403110211.0210423s2015 xx 000 0 und d a978-0-12-800351-0 cAL aeng a363.7288 223bGALF aGALANAKIS (Charis M) Ed982387 aFood waste recovery: processing technologies and industrial techniques aLondonbElsevierc2015 axx,392bHB b8892cUSD aEnvironmental Problems982388 aFood ; industrial ; processing ; recovery: ; techniques ; technologies ; waste 2ddccBK c169059d169059 001040708FSTaSACPGbSACPGd2018-03-16eIntact Bookhouseg8892.00l0o363.7288 GALFpPG015561r2022-08-24 00:00:00w2021-04-26yBK